[Event "Lisbon Absoluto AXS op"]
[Site "Lisbon"]
[Date "2006.??.??"]
[Round "2"]
[White "Charneira, Hermenegildo"]
[Black "Mira, Vitor"]
[Result "1-0"]
[WhiteElo "2099"]
[BlackElo "1789"]
[PlyCount "72"]
[EventDate "2006.??.??"]
[EventType "swiss"]
[EventRounds "9"]
[EventCountry "POR"]
[SourceTitle "EXT 2008"]
[Source "ChessBase"]
[SourceDate "2007.11.25"]
[SourceVersion "1"]
[SourceVersionDate "2007.11.25"]
[SourceQuality "1"]

1. e4 c5 2. Nf3 Nc6 3. d4 cxd4 4. c3 dxc3 5. Nxc3 a6 6. Bc4 e6 7. 0-0 g6 8. Qe2 Bg7 9. Rd1 Nge7 10. Bg5 0-0 11. Nd5 f6 12. Bf4 Ne5 13. Nxf6+ Bxf6 14. Nxe5 Qe8 15. Ng4 Nc6 16. Bh6 Rf7 17. e5 Be7 18. Qe3 Nb4 19. Bg5 Nc2 20. Qd2 Nxa1 21. Rxa1 Kg7 22. Bf6+ Bxf6 23. exf6+ Kh8 24. Bd3 b5 25. Qg5 Qf8 26. h4 d6 27. Rc1 e5 28. Be4 Bxg4 29. Bxa8 Be6 30. Bf3 Rxf6 31. Rc7 Rf7 32. Rc6 a5 33. Ra6 a4 34. Ra8 Bc8 35. Qc1 Qe7 36. Rxc8+ Kg7 1-0

[Event "POR Cup sf"]
[Site "Porto"]
[Date "2001.09.15"]
[Round "1.4"]
[White "Ribeiro, Fernando"]
[Black "Charneira, Hermenegildo"]
[Result "1-0"]
[WhiteElo "2202"]
[BlackElo "2103"]
[PlyCount "75"]
[EventDate "2001.09.17"]
[EventType "team"]
[EventRounds "1"]
[EventCountry "POR"]
[SourceTitle "EXT 2002"]
[Source "ChessBase"]
[SourceDate "2001.11.25"]
[SourceVersion "1"]
[SourceVersionDate "2001.11.25"]
[SourceQuality "1"]

1. e4 e5 2. Nf3 Nc6 3. Bb5 a6 4. Ba4 b5 5. Bb3 Nf6 6. 0-0 Be7 7. Re1 0-0 8. d3 d6 9. c3 Bg4 10. h3 Bh5 11. Nbd2 Na5 12. Bc2 c5 13. Nf1 Nc6 14. g4 Bg6 15. Ng3 Qc7 16. Nh4 d5 17. Nhf5 dxe4 18. dxe4 Rfe8 19. Qf3 Bf8 20. h4 Bxf5 21. gxf5 Rad8 22. Kh1 Rd6 23. Rg1 Red8 24. Rg2 Kh8 25. Bg5 c4 26. Rag1 Ne7 27. Nf1 Neg8 28. Qg3 Qe7 29. f4 Rd3 30. Bxd3 Rxd3 31. Qe1 exf4 32. e5 Rh3+ 33. Nh2 f3 34. Rf2 h6 35. exf6 Qxe1 36. fxg7+ Kxg7 37. Rxe1 hxg5 38. hxg5 1-0

[Event "POR-chT 43rd"]
[Site "Barreiro"]
[Date "2001.06.14"]
[Round "1"]
[White "Charneira, Hermenegildo"]
[Black "Ribeiro, Fernando"]
[Result "0-1"]
[WhiteElo "2115"]
[BlackElo "2167"]
[PlyCount "74"]
[EventDate "2001.06.14"]
[EventType "team"]
[EventRounds "9"]
[EventCountry "POR"]
[SourceTitle "EXT 2002"]
[Source "ChessBase"]
[SourceDate "2001.11.25"]
[SourceVersion "1"]
[SourceVersionDate "2001.11.25"]
[SourceQuality "1"]

1. e4 c5 2. Nc3 d6 3. g3 Nc6 4. Bg2 g6 5. d3 Bg7 6. Nge2 e5 7. 0-0 Nge7 8. Be3 0-0 9. Qd2 Nd4 10. f4 f5 11. Rae1 Rb8 12. Nc1 Be6 13. Nd1 Qd7 14. Nf2 b6 15. c3 Ndc6 16. Ne2 Rbc8 17. b3 d5 18. fxe5 dxe4 19. dxe4 Qxd2 20. Bxd2 Bxe5 21. Nf4 Bf7 22. exf5 gxf5 23. N2d3 Bf6 24. c4 Rfd8 25. Re2 Nd4 26. Ref2 Rd6 27. g4 fxg4 28. Nd5 Nxd5 29. cxd5 Nf3+ 30. Bxf3 gxf3 31. Rxf3 Bd4+ 32. Be3 Rg6+ 33. Kf2 Bxd5 34. Nf4 Bxf3 35. Nxg6 hxg6 36. Kxf3 Rf8+ 37. Bf4 g5 0-1

[Event "Lisbon Summer op"]
[Site "Lisbon"]
[Date "2000.08.22"]
[Round "2"]
[White "Charneira, Hermenegildo"]
[Black "Barbero, Gerardo F"]
[Result "0-1"]
[WhiteElo "2154"]
[BlackElo "2445"]
[PlyCount "60"]
[EventDate "2000.08.21"]
[EventType "swiss"]
[EventRounds "10"]
[EventCountry "POR"]
[SourceTitle "EXT 2001"]
[Source "ChessBase"]
[SourceDate "2000.11.22"]
[SourceVersion "1"]
[SourceVersionDate "2000.11.22"]
[SourceQuality "1"]

1. h3 d5 2. d3 g6 3. Nf3 Bg7 4. c3 e5 5. Qb3 Ne7 6. e4 Nbc6 7. Be2 0-0 8. Nbd2 b6 9. Nf1 h6 10. Bd2 Be6 11. Qc2 a5 12. g4 f5 13. exf5 gxf5 14. g5 f4 15. Rg1 Kh8 16. gxh6 Bxh6 17. Ng5 Bf5 18. Bh5 Bxg5 19. Rxg5 Rg8 20. Rxg8+ Qxg8 21. 0-0-0 Qg2 22. Bg4 Bxg4 23. hxg4 Qxf2 24. Qa4 Rd8 25. Re1 Kg7 26. Qd1 Rh8 27. Re2 Qf3 28. Nh2 Qxd3 29. g5 Nf5 30. Ng4 Ng3 0-1

[Event "POR-ch"]
[Site "Lisbon"]
[Date "1999.09.12"]
[Round "5"]
[White "Charneira, Hermenegildo"]
[Black "Paulino, Jose Manuel Goncalv"]
[Result "0-1"]
[WhiteElo "2197"]
[BlackElo "2129"]
[PlyCount "66"]
[EventDate "1999.09.05"]
[EventType "swiss"]
[EventRounds "11"]
[EventCountry "POR"]
[SourceTitle "EXT 2000"]
[Source "ChessBase"]
[SourceDate "1999.11.16"]
[SourceVersion "1"]
[SourceVersionDate "1999.11.16"]
[SourceQuality "1"]

1. e4 c6 2. d4 d5 3. e5 Bf5 4. g4 Bg6 5. Nh3 e6 6. Nf4 Be4 7. Rg1 Nd7 8. Nd2 Bg6 9. h4 Qxh4 10. Qf3 Qd8 11. Rh1 Bxc2 12. Qc3 Ba4 13. Bd3 Qb6 14. b3 Bb5 15. Ng6 fxg6 16. Rxh7 Rxh7 17. Bxg6+ Kd8 18. Bxh7 Nh6 19. g5 Ng4 20. Bb2 Ndxe5 21. f3 g6 22. fxg4 Nd3+ 23. Kd1 Bb4 24. Qc2 Nf2+ 25. Kc1 Bd3 26. Nc4 dxc4 27. Qxf2 Kd7 28. Qf7+ Be7 29. Ba3 Re8 30. Bc5 Qa5 31. Kd1 Qc3 32. Rc1 Qb2 33. Qf3 Rf8 0-1

[Event "POR-chT"]
[Site "Portugal"]
[Date "1999.??.??"]
[Round "7"]
[White "Quaresma, Luis Manuel Trindad"]
[Black "Charneira, Hermenegildo"]
[Result "0-1"]
[WhiteElo "2499"]
[BlackElo "2209"]
[PlyCount "66"]
[EventDate "1999.??.??"]
[EventType "team"]
[EventRounds "9"]
[EventCountry "POR"]
[SourceTitle "EXT 2002"]
[Source "ChessBase"]
[SourceDate "2001.11.25"]
[SourceVersion "1"]
[SourceVersionDate "2001.11.25"]
[SourceQuality "1"]

1. e4 d5 2. exd5 Nf6 3. c4 e6 4. Nc3 exd5 5. cxd5 Nxd5 6. Nf3 Be7 7. d4 0-0 8. Bc4 Be6 9. Qb3 c6 10. Qxb7 Nb4 11. Bxe6 fxe6 12. 0-0 Nd7 13. Bg5 Rb8 14. Bxe7 Qxe7 15. Qxa7 Nd3 16. Ne5 N3xe5 17. dxe5 Rxb2 18. Rad1 Rf7 19. Qc7 h6 20. Ne4 Re2 21. Rd4 Rxa2 22. Rfd1 c5 23. Rc4 Kh7 24. g3 Rb2 25. f4 Qe8 26. Qc6 Re7 27. g4 Nxe5 28. Qxe8 Nf3+ 29. Kf1 Nxh2+ 30. Kg1 Rxe8 31. Nf2 Nf3+ 32. Kg2 Nd2 33. Ra4 c4 0-1

[Event "Young Masters 6th"]
[Site "Loures"]
[Date "1998.12.11"]
[Round "10"]
[White "Charneira, Hermenegildo"]
[Black "Reis, Luis Sousa"]
[Result "0-1"]
[WhiteElo "2140"]
[BlackElo "2225"]
[PlyCount "86"]
[EventDate "1998.12.07"]
[EventType "tourn"]
[EventRounds "11"]
[EventCountry "POR"]
[EventCategory "2"]
[SourceTitle "CBM 067 Extra"]
[Source "ChessBase"]
[SourceDate "1999.01.01"]
[SourceVersion "1"]
[SourceVersionDate "1999.01.01"]
[SourceQuality "1"]

1. a3 Nf6 2. h3 c5 3. b4 b6 4. c4 e6 5. bxc5 bxc5 6. e3 Be7 7. Nf3 0-0 8. Bd3 Ba6 9. 0-0 Nc6 10. Nc3 d5 11. Qa4 Na5 12. Ne5 Rb8 13. Rb1 Rxb1 14. Bxb1 Bxc4 15. Nxc4 dxc4 16. Rd1 Nd5 17. Qc2 g6 18. Ne2 Bf6 19. d3 cxd3 20. Rxd3 c4 21. Rd1 Qc7 22. e4 Nb6 23. Bf4 Be5 24. Be3 Nb3 25. Ba2 Na5 26. f4 Bd6 27. Kh1 Rd8 28. Qc3 Nb7 29. f5 Be5 30. Rxd8+ Nxd8 31. Bd4 Bxd4 32. Qxd4 e5 33. Qd2 Nb7 34. Ng3 Qd8 35. Qh6 Qf8 36. Qc1 Nd6 37. a4 Nxa4 38. h4 Nb6 39. h5 Qd8 40. Qa3 Nb5 41. Qf3 Qh4+ 42. Kg1 Nd4 43. Qa3 Qxg3 0-1

[Event "Young Masters 6th"]
[Site "Loures"]
[Date "1998.12.06"]
[Round "5"]
[White "Damaso, Rui"]
[Black "Charneira, Hermenegildo"]
[Result "1-0"]
[WhiteElo "2430"]
[BlackElo "2140"]
[PlyCount "97"]
[EventDate "1998.12.07"]
[EventType "tourn"]
[EventRounds "11"]
[EventCountry "POR"]
[EventCategory "2"]
[SourceTitle "CBM 067 Extra"]
[Source "ChessBase"]
[SourceDate "1999.01.01"]
[SourceVersion "1"]
[SourceVersionDate "1999.01.01"]
[SourceQuality "1"]

1. e4 Nc6 2. Nf3 d5 3. exd5 Qxd5 4. Nc3 Qa5 5. Bb5 Bd7 6. 0-0 a6 7. Bxc6 Bxc6 8. Re1 f6 9. Nd4 Bd7 10. Ne6 Bxe6 11. Rxe6 Qf5 12. Qe1 0-0-0 13. d3 Nh6 14. Bxh6 gxh6 15. Qe4 Qg5 16. Re1 Rg8 17. f4 Qh5 18. f5 Rg4 19. Qf3 Rg5 20. Qxh5 Rxh5 21. Rf1 Rd4 22. Re4 Rh4 23. Rxh4 Rxh4 24. Ne4 Rg4 25. h3 Rg8 26. Rf4 h5 27. Rh4 Bh6 28. Rxh5 Be3+ 29. Kf1 Rg7 30. b3 b6 31. Ke2 Bc1 32. Kf3 Kd7 33. Rh4 Ke8 34. Ng3 Bb2 35. Re4 Kd7 36. d4 Ba3 37. Nh5 Rg8 38. g4 Bd6 39. c4 a5 40. Re2 a4 41. Ke4 axb3 42. axb3 Ra8 43. Ng7 Ra1 44. Ne6 Rc1 45. Ra2 Re1+ 46. Kf3 Rh1 47. Ra8 Kc6 48. Rb8 Rxh3+ 49. Ke4 1-0

[Event "Young Masters"]
[Site "Honra"]
[Date "1998.10.12"]
[Round "3"]
[White "Morais, Vitor Mestre"]
[Black "Charneira, Hermenegildo"]
[Result "1/2-1/2"]
[WhiteElo "2110"]
[BlackElo "2140"]
[PlyCount "144"]
[EventDate "1998.10.??"]
[EventType "swiss"]
[EventRounds "9"]
[EventCountry "POR"]
[SourceTitle "EXT 1999"]
[Source "ChessBase"]
[SourceDate "1998.11.16"]
[SourceVersion "1"]
[SourceVersionDate "1998.11.16"]
[SourceQuality "1"]

1. Nf3 f5 2. d4 Nf6 3. c4 e6 4. Nc3 b6 5. g3 Bb7 6. Bg2 Bb4 7. 0-0 0-0 8. Qb3 Bxc3 9. Qxc3 Qe8 10. b3 Qh5 11. Bb2 d6 12. Rad1 Nbd7 13. Rfe1 Ne4 14. Qc2 Ndf6 15. d5 e5 16. e3 Rae8 17. Rc1 Bc8 18. a4 Re7 19. a5 Ng4 20. Re2 h6 21. axb6 axb6 22. Ra1 Ng5 23. Nh4 e4 24. Rf1 Nxh2 25. Kxh2 Nf3+ 26. Bxf3 exf3 27. Rd2 g5 28. Rd4 Rf6 29. Rh1 f4 30. Rxf4 gxf4 31. Bxf6 fxg3+ 32. fxg3 Rxe3 33. g4 Bxg4 34. Qg6+ Qxg6 35. Nxg6 Re2+ 36. Kg3 Rg2+ 37. Kf4 f2 38. Bd4 Be2 39. Ne7+ Kf7 40. Bxf2 Kxe7 41. Ke3 Bg4 42. Rxh6 Bf5 43. Bh4+ Kd7 44. Rh8 c6 45. Rf8 Bg6 46. Rd8+ Kc7 47. dxc6 Kxc6 48. Be7 Rg3+ 49. Kd2 Rd3+ 50. Kc1 Kc5 51. Kb2 Rd2+ 52. Ka3 Rd1 53. Rc8+ Kd4 54. Bxd6 Re1 55. Rb8 Re6 56. Rxb6 Bc2 57. Bc5+ Ke5 58. Rxe6+ Kxe6 59. Kb2 Be4 60. b4 Kd7 61. b5 Kc7 62. Kc3 Bf3 63. Kb4 Bg2 64. Be3 Kb7 65. Ka5 Bf3 66. c5 Bg2 67. Bf4 Bf3 68. Kb4 Bg2 69. Kc3 Bf3 70. Kd4 Bg2 71. Ke5 Bf1 72. c6+ Kb6 1/2-1/2

[Event "POR-ch sf"]
[Site "Faro"]
[Date "1998.??.??"]
[Round "3"]
[White "Charneira, Hermenegildo"]
[Black "Camejo Almeida, Rui"]
[Result "1-0"]
[WhiteElo "2140"]
[BlackElo "2295"]
[PlyCount "183"]
[EventDate "1998.??.??"]
[EventType "swiss"]
[EventRounds "9"]
[EventCountry "POR"]
[SourceTitle "EXT 2000"]
[Source "ChessBase"]
[SourceDate "1999.11.16"]
[SourceVersion "1"]
[SourceVersionDate "1999.11.16"]
[SourceQuality "1"]

1. e4 c5 2. Nf3 d6 3. d4 cxd4 4. Nxd4 Nf6 5. Nc3 a6 6. Bc4 e6 7. Bb3 b5 8. f3 Be7 9. Be3 Qc7 10. Qe2 Nc6 11. g4 Nxd4 12. Bxd4 0-0 13. a3 Nd7 14. 0-0-0 Nc5 15. Ba2 Bd7 16. e5 Rfc8 17. f4 dxe5 18. Bxe5 Qb7 19. Rhf1 a5 20. f5 b4 21. fxe6 Bxe6 22. Bxe6 Nxe6 23. Nb5 bxa3 24. bxa3 a4 25. Rf5 Ra5 26. Bb2 Nf4 27. Qe5 Bf6 28. Rxf6 Rxb5 29. Rb6 Rxe5 30. Rxb7 Rec5 31. Rd2 Nd5 32. Rf2 f6 33. g5 Ne3 34. gxf6 Rxc2+ 35. Rxc2 Rxc2+ 36. Kb1 gxf6 37. Re7 Re2 38. Bc1 Rxh2 39. Bxe3 Rh3 40. Bc5 Rb3+ 41. Kc2 h5 42. Ra7 Rb5 43. Bd4 Rd5 44. Kd3 h4 45. Ke4 Rh5 46. Bxf6 h3 47. Rg7+ Kf8 48. Rg1 h2 49. Rh1 Kf7 50. Be5 Rh4+ 51. Bf4 Rh3 52. Be3 Ke6 53. Kd3 Kd5 54. Ke2 Kc4 55. Kf2 Kb3 56. Bc5 Ka2 57. Kg2 Rh5 58. Bd6 Rh6 59. Bb4 Rg6+ 60. Kf3 Rh6 61. Ke4 Kb3 62. Kd5 Rh5+ 63. Kc6 Rh6+ 64. Bd6 Rh3 65. Bxh2 Rc3+ 66. Kb5 Kxa3 67. Bd6+ Kb3 68. Ra1 Rd3 69. Bc5 Rd8 70. Ra3+ Kc2 71. Rxa4 Kd3 72. Ra3+ Ke4 73. Re3+ Kf4 74. Re7 Kf3 75. Kc4 Rd1 76. Re3+ Kf4 77. Re2 Kf3 78. Re8 Rc1+ 79. Kd5 Rh1 80. Rf8+ Ke2 81. Rf2+ Kd3 82. Rf3+ Ke2 83. Rb3 Rh5+ 84. Kc4 Rh7 85. Re3+ Kd2 86. Rf3 Rh2 87. Bd4 Rg2 88. Re3 Rg8 89. Ra3 Rc8+ 90. Bc5 Ke2 91. Re3+ Kd2 92. Rf3 1-0

[Event "POR-ch"]
[Site "Lisbon"]
[Date "1998.??.??"]
[Round "3"]
[White "Charneira, Hermenegildo"]
[Black "Galego, Luis"]
[Result "0-1"]
[WhiteElo "2140"]
[BlackElo "2425"]
[PlyCount "106"]
[EventDate "1998.08.??"]
[EventType "tourn"]
[EventRounds "11"]
[EventCountry "POR"]
[SourceTitle "EXT 1999"]
[Source "ChessBase"]
[SourceDate "1998.11.16"]
[SourceVersion "1"]
[SourceVersionDate "1998.11.16"]
[SourceQuality "1"]

1. a3 d5 2. d3 Nf6 3. Bg5 g6 4. e4 dxe4 5. Nc3 exd3 6. Bxd3 Bg7 7. Qd2 0-0 8. 0-0-0 c6 9. f3 Bf5 10. Bh6 Bxd3 11. Bxg7 Kxg7 12. Qe1 Qa5 13. Rxd3 Nbd7 14. h4 Nc5 15. Rd2 Ne6 16. g4 Rad8 17. Re2 Qc7 18. Nh3 Qd6 19. h5 Nf4 20. Reh2 Nxh3 21. Rxh3 g5 22. h6+ Kh8 23. Kb1 Qc5 24. Qg3 Rg8 25. Re1 Qd6 26. Qg1 b6 27. Rh2 Rg6 28. Rhe2 e6 29. Rd1 Qe7 30. Rxd8+ Qxd8 31. Qh2 Qf8 32. Qe5 Qxh6 33. Qb8+ Ng8 34. Rh2 Qg7 35. Qxa7 Qd4 36. Re2 Rf6 37. Re1 Rxf3 38. Rd1 Qxg4 39. Qb8 Kg7 40. Qe5+ Nf6 41. Re1 Qf5 42. Qc7 Rf1 43. Rxf1 Qxf1+ 44. Ka2 Qc4+ 45. Kb1 b5 46. Qe5 Kg6 47. b3 Qf1+ 48. Kb2 h5 49. a4 bxa4 50. bxa4 Qc4 51. a5 h4 52. Kc1 h3 53. Kb2 h2 0-1

[Event "POR-ch"]
[Site "Lisbon"]
[Date "1998.??.??"]
[Round "7"]
[White "Charneira, Hermenegildo"]
[Black "Parcerias, Pedro"]
[Result "1-0"]
[WhiteElo "2140"]
[BlackElo "2255"]
[PlyCount "51"]
[EventDate "1998.08.??"]
[EventType "tourn"]
[EventRounds "11"]
[EventCountry "POR"]
[SourceTitle "EXT 1999"]
[Source "ChessBase"]
[SourceDate "1998.11.16"]
[SourceVersion "1"]
[SourceVersionDate "1998.11.16"]
[SourceQuality "1"]

1. a3 d5 2. d3 Nf6 3. Bg5 Nbd7 4. g3 g6 5. Bg2 Bg7 6. Nf3 0-0 7. Qd2 Re8 8. 0-0 c6 9. Nc3 e5 10. e4 Nc5 11. exd5 cxd5 12. Nh4 Ne6 13. Bxf6 Bxf6 14. Nxd5 Bxh4 15. gxh4 Qxh4 16. Rae1 Bd7 17. Re4 Qd8 18. Rxe5 Bc6 19. c4 Bxd5 20. Rxd5 Qh4 21. f4 Red8 22. f5 Nd4 23. fxg6 hxg6 24. Qf2 Qxf2+ 25. Rxf2 b6 26. Rxd4 1-0

[Event "POR-ch"]
[Site "Lisbon"]
[Date "1998.??.??"]
[Round "8"]
[White "Dias, Paulo Jorge Guimara"]
[Black "Charneira, Hermenegildo"]
[Result "1-0"]
[WhiteElo "2295"]
[BlackElo "2140"]
[PlyCount "65"]
[EventDate "1998.08.??"]
[EventType "tourn"]
[EventRounds "11"]
[EventCountry "POR"]
[SourceTitle "EXT 1999"]
[Source "ChessBase"]
[SourceDate "1998.11.16"]
[SourceVersion "1"]
[SourceVersionDate "1998.11.16"]
[SourceQuality "1"]

1. c4 d6 2. Nc3 a6 3. e4 c5 4. d4 cxd4 5. Qxd4 Nc6 6. Qd2 g6 7. g3 Bg7 8. Bg2 Bd7 9. Nge2 Ne5 10. b3 Bg4 11. Nd4 Rc8 12. h3 Bd7 13. Bb2 Rxc4 14. Nce2 Rc5 15. f4 Qc8 16. fxe5 dxe5 17. Nf3 Bh6 18. Qd1 Rc2 19. Bxe5 Bb5 20. Nfd4 Rd2 21. Qxd2 Bxd2+ 22. Kxd2 f6 23. Nxb5 Qd7+ 24. Nd6+ Kf8 25. Rhf1 Kg7 26. Kc2 Nh6 27. Rad1 Qc7+ 28. Bc3 Rd8 29. e5 exd6 30. exd6 Rxd6 31. Rxd6 Qxd6 32. Rxf6 Qb8 33. Rf4+ 1-0

[Event "POR-ch"]
[Site "Lisbon"]
[Date "1998.??.??"]
[Round "11"]
[White "Fernando, Diogo"]
[Black "Charneira, Hermenegildo"]
[Result "1/2-1/2"]
[WhiteElo "2185"]
[BlackElo "2140"]
[PlyCount "145"]
[EventDate "1998.08.??"]
[EventType "tourn"]
[EventRounds "11"]
[EventCountry "POR"]
[SourceTitle "EXT 1999"]
[Source "ChessBase"]
[SourceDate "1998.11.16"]
[SourceVersion "1"]
[SourceVersionDate "1998.11.16"]
[SourceQuality "1"]

1. e4 d5 2. exd5 Nf6 3. d4 Qxd5 4. Nc3 Qa5 5. Bc4 c6 6. Nf3 Bg4 7. Qe2 Nbd7 8. Bd2 Qh5 9. 0-0-0 e6 10. h3 Bxf3 11. gxf3 0-0-0 12. Be3 Nb6 13. Bb3 Qa5 14. Rhg1 h6 15. Ne4 Nbd5 16. Bd2 Qc7 17. Nxf6 Nxf6 18. Be3 Nh5 19. Kb1 Kb8 20. Rg4 Bd6 21. c4 Rhe8 22. Qc2 g6 23. Bxh6 Bf4 24. Bxf4 Nxf4 25. h4 c5 26. d5 exd5 27. cxd5 f5 28. Rgg1 Re2 29. Qc3 a6 30. Rge1 Rxf2 31. a3 Rh2 32. Qf6 c4 33. Bxc4 Qxc4 34. Qxd8+ Ka7 35. Qf6 Nd3 36. Rxd3 Qxd3+ 37. Ka1 Qxd5 38. Qxg6 Rxh4 39. Qg1+ Qd4 40. Qxd4+ Rxd4 41. Kb1 Rd3 42. Rf1 Rd2 43. Rc1 Rd3 44. Re1 Rxf3 45. Re6 Kb8 46. Re7 f4 47. Rf7 Ka7 48. Rf6 b5 49. Ka2 a5 50. Kb1 Kb7 51. Ka2 a4 52. Kb1 Rf2 53. Kc1 Kc7 54. Kb1 Kd7 55. Kc1 f3 56. Kb1 Ke7 57. Rf5 Ke6 58. Rf8 Ke5 59. Ka2 Rf1 60. Rb8 f2 61. Rf8 Kd6 62. Rf3 Kc5 63. Rf8 Kd5 64. Rf5+ Kd4 65. Rf8 Kc4 66. Rc8+ Kd5 67. Rf8 Kc5 68. Rc8+ Kb6 69. Rf8 Kc6 70. Rf6+ Kc5 71. Rf8 b4 72. axb4+ Kxb4 73. Rf7 1/2-1/2